Základy účetnictví Oceňování ke dni sestavení účetní závěrky
Pokračovanie článku z predchádzajúceho čísla o oceňovaní aktív v účtovníctve ČR. Medzinárodné štandardy účtovného výkazníctva (IFRS). Fair value a náklady z predaja. Čistá realizovaná hodnota. Individuálne metódy znižovania pohľadávok.
Salvato in:
| Autore principale: | |
|---|---|
| Natura: | Capitolo di libro |
| Lingua: | ceco |
| Soggetti: | |
| Tags: |
Nessun Tag, puoi essere il primo ad aggiungerne!!
|
MARC
| LEADER | 00000naa$a2200000$$$4500 | ||
|---|---|---|---|
| 001 | 0114618 | ||
| 005 | 20230925092055.1 | ||
| 041 | 0 | |a cze | |
| 044 | |a CZ | ||
| 245 | 1 | 0 | |a Základy účetnictví |b Oceňování ke dni sestavení účetní závěrky |c Dana Dvořáková |
| 520 | |a Pokračovanie článku z predchádzajúceho čísla o oceňovaní aktív v účtovníctve ČR. Medzinárodné štandardy účtovného výkazníctva (IFRS). Fair value a náklady z predaja. Čistá realizovaná hodnota. Individuálne metódy znižovania pohľadávok. | ||
| 610 | 2 | 0 | |a účtovníctvo |
| 610 | 2 | 0 | |a účtovníctvo finančné |
| 610 | 2 | 0 | |a oceňovanie |
| 610 | 2 | 0 | |a náklady |
| 610 | 2 | 0 | |a pohľadávky |
| 610 | 2 | 0 | |a položky opravné |
| 610 | 2 | 0 | |a aktíva |
| 610 | 2 | 0 | |a závierka účtovná |
| 100 | 1 | |a Dvořáková, Dana | |